Datum a čas kvízu
33
Celkem bodů
Celkový počet nahraných bodů na tomto kvízu bez doplňovacích otázek.
2.
Pořadí na kvízu
Konečné umístění týmu na tomto kvízu.
Zaznamenané odpovědi
| # | Otázka | Odpověď | Body | Výsledky |
|---|---|---|---|---|
| 1. | Nejvlivnější ženou Česka podle... | Lenka Bradáčová | 1 | |
| 2. | Dvanáctiletý londýnský kocour... | lehl si pod prezidentskou limuzínu | 1 | |
| 3. | Minulý týden se vrátil do kin... | Hana Brejchová | 1 | |
| 4. | V pondělí skončil po osmnácti... | iTunes | 1 | |
| 5. | Jak se jmenují dvě finalistky... | Ashleigh Bartyová, Markéta Vondroušová | 0.5 | |
| 6. | Na každé písmeno abecedy exist... | geologie | 0 | |
| 5. | Jaký je název lékařského oboru... | geriatrie | 0 | |
| 8. | Uveďte název nauky o tvaru Zem... | geomorfologie | 0 | |
| 5. | Nyní se zeptáme na název oboru... | genologie | 0 | |
| 5. | Tentokrát nás bude zajímat náz... | genealogie | 0 |